Normal view
MARC view
- Electric circuit analysis
Entry Topical Term
001 - CONTROL NUMBER
- control field: 94363
003 - CONTROL NUMBER IDENTIFIER
- control field: NUST
005 - DATE AND TIME OF LATEST TRANSACTION
- control field: 20220721123736.0
008 - FIXED-LENGTH DATA ELEMENTS
- fixed length control field: 220721|| aca||aabn | a|a d
040 ## - CATALOGING SOURCE
- Original cataloging agency: NUST
- Transcribing agency: NUST
150 ## - HEADING--TOPICAL TERM
- Topical term or geographic name entry element: Electric circuit analysis
- Form subdivision: Textbooks
670 ## - SOURCE DATA FOUND
- Source citation: Work cat.: (NUST)0: Irwin, J. David, 1939- author., Basic engineering circuit analysis /
